Statistiques concernant Le XI de la ligue des champions 2021-2022

Cliquez ici pour prendre le quiz!

Statistiques générales

  • Ce quiz a été pris 1 232 fois
  • Le résultat moyen est 10 sur 11

Statistiques - réponses

posteclubjoueur% Correct
gardienReal MadridThibaut Courtois
100%
avant-centreReal MadridKarim Benzema
99%
ailier/buteurPSGKylian Mbappe
99%
milieuReal MadridLuka Modric
98%
ailier gaucheReal MadridVinicius
98%
milieuManchester CityKevin De Bruyne
96%
latéral droitLiverpoolTrent Alexander Arnold
96%
défenseur centralLiverpoolVirgil Van Dijk
95%
latéral gaucheLiverpoolAndrew Robertson
92%
défenseur centralChelseaAntonio Rüdiger
82%
milieuLiverpoolFabinho
75%

Distribution des résultats

Percentile par nombre de réponses

% des personnes avec chaque résultat

Votre développement - résultats

Vous n’avez pas pris ce quiz